| 000 | 00593nam a22002057a 4500 | ||
|---|---|---|---|
| 003 | BUBTL | ||
| 008 | 210304b xxu||||| |||| 00| 0 eng d | ||
| 020 | _a984-8466-01-41 | ||
| 082 | _a346.0485492/AZI | ||
| 100 |
_aAzam, Mohammad Monirul _93987 |
||
| 245 |
_aIntellectual Property WTO and Bangladesh _bMohammad Monirul Azam |
||
| 250 | _a2nd | ||
| 260 |
_aDhaka _bNew Warsi Book Corporation _cc2012 |
||
| 300 |
_a579p . : _b21 cm. |
||
| 650 |
_aLaw _93988 |
||
| 700 |
_aMohammad Monirul Azam _93989 |
||
| 856 |
_k0 _l0 _yDownload |
||
| 942 |
_2ddc _cBK |
||
| 999 |
_c6468 _d6468 |
||